Online searching:the basics,settings,and management

Na minha lista:
Detalhes bibliográficos
Formato: Livro
Idioma:inglês
Publicado em: Englewood : Libraries Unlimited, 1989
Edição:2.vyd.
Tags: Adicionar Tag
Sem tags, seja o primeiro a adicionar uma tag!

MARC

LEADER 00000nam a22000003a 4500
001 stu27278
005 20141122065020.1
008 940119s1989----xxu-----------------eng-d
020 |a 0-87287-738-8 
040 |a STU  |b slo 
041 0 |a eng 
044 |a xxu 
080 |a 025.3  |7 stu_us_auth*stu9964 
245 |a Online searching:the basics,settings,and management 
250 |a 2.vyd. 
260 |a Englewood :  |b Libraries Unlimited,  |c 1989 
300 |a 9,130 s 
996 |b 284V001480  |c V*41953/O-17876  |l VVT  |s A  |a 24  |w stu27278_0001